| 000 | 00354nam a2200133Ia 4500 | ||
|---|---|---|---|
| 008 | 240719s9999 xx 000 0 und d | ||
| 041 | _aeng | ||
| 082 | _a920 GUP | ||
| 100 | _aGupta, Shubhra | ||
| 245 | _aIrrfan: A Life in Movies | ||
| 260 |
_aNew Dehli _bMacmillan _c2023 |
||
| 300 | _a397;. P. 22 cm | ||
| 520 | _aFaculty Purchase By Dr. Jitendra Sharma | ||
| 999 |
_c41458 _d41458 |
||